Europe (Redux) Quiz Stats

 Plays Quiz Updated Feb 13, 2019

Support Sporcle.
Go Orange.
Score 0/47 Timer 01:00
40 Plays Today
% Correct
???
81.2%
???
72.7%
???
70.3%
???
67.6%
???
63.6%
???
62%
???
61.7%
???
60.7%
???
59.9%
???
59.9%
???
59.5%
???
58.6%
???
58.3%
???
53.3%
???
51.8%
???
46.8%
???
46%
???
45.9%
???
44.2%
???
42.2%
???
42.1%
???
40.9%
???
40.2%
???
40.2%
% Correct
???
39.7%
???
39.5%
???
39.5%
???
39%
???
35.5%
???
34.8%
???
34.7%
???
34.4%
???
33.5%
???
33%
???
33%
???
32.5%
???
32.3%
???
32%
???
31.8%
???
31.5%
???
30.6%
???
30.6%
???
30.1%
???
29%
???
28.1%
???
27%
???
25.5%

From the Vault

AP Male Athlete (OTY)

by Ben

Sports 8m
Yep, not a lot of mini-golfers on this list.
Remove Ads.
Support Sporcle.
Get the best of Sporcle when you Go Orange. This ad-free experience offers more features, more stats, and more fun while also helping to support Sporcle. Thank you for becoming a member.

Show Comments

Extras

Top Quizzes Today


Score Distribution

Your Account Isn't Verified!

In order to create a playlist on Sporcle, you need to verify the email address you used during registration. Go to your Sporcle Settings to finish the process.

Report this User

Report this user for behavior that violates our Community Guidelines.

Details: